000
00309nam a2200133Ia 4500
008
150201s2010 xx 000 0 und d
082
_a
610
_b
M10Y
100
_a
YOUN,VINCENT
245
_a
MEDICINE
250
_a
5TH
260
_b
WOLTERKULWER
_a
DELHI
_c
2010
650
_a
MEDICINE AND DIAGNOSIS
942
_2
ddc
_c
BK
999
_c
859
_d
859